What city are these football/soccer grounds in? - Statistics

General Stats
  • This quiz has been taken 34 times
  • The average score is 7 of 15
Answer Stats
Hint Answer % Correct
Old Trafford Manchester
100%
Camp Nou Barcelona
94%
Parc Des Princes Paris
85%
Allianz Arena Munich
82%
Santiago Bernabéu Stadium Madrid
79%
Elland Road Leeds
61%
Estádio do Dragão Porto
55%
Volksparkstadion Hamburg
33%
La Bombonera Buenos Aires
30%
St. Jakob-Park Basel
27%
Constant Vanden Stock Stadium Brussels
18%
StubHub Center Los Angeles
18%
Otkritie Arena Moscow
18%
Stadio San Paolo Napoli
18%
Stadion Juliska Prague
12%
No matching quizzes found
Score Distribution
Percent of People with Each Score
Percentile by Number Answered
Your Score History
You have not taken this quiz